01479nam a2200289 a 450000100100000000500170001000800410002704000250006808200250009310000350011824501610015325000130031426000430032730000390037050400280040959000270043765000370046465000530050170000290055470000320058391000380061595201360065395201360078995201220092595201270104799900150117400000785520200929154325.0090911t2005 dr d 001 0 spa d aDO-SdBNPbspacBNPHU a657.044bT683c, 20051 aToribio L., Dámaso A.92161510aCurso de contabilidad para el primer nivel :bteoría y práctica, preguntas y problemas /cDámaso A. Toribio L., Luis E. Madrigal, Víctor de la Rosa. a10a. ed. aSanto Domingo :bSoto Castillo,c2005. a158 p. :bil., gráfcs. ;c24 cm. aBibliografía: p. 158. aInventariado, 2018/ YL 4aContabilidadxEnseñanza920156 4aContabilidadxProblemas, ejercicios, etc.9215971 aMadrigal, Luis E.9216161 aDe la Rosa, Víctor921617 aValidado. Control de calidad EMS. 001054708DSaGRbGRcHDd2009-09-11iLF1l0o657.044 T683c, 2005p7855-30r2020-06-25te.3w2020-06-25yLFDSZPréstamo en sala 001054708DSaGRbGRcHDd2013-04-10iLF1l0o657.044 T683c, 2005p7855-40r2020-06-25te.4w2020-06-25yLFDSZPréstamo en sala 0011718PDaPDbPDcMId2009-09-11iLF1l0o657.044 T683c, 2005p7855-10r2020-06-25w2020-06-25yLFPDZNo se presta 0010718PDaPDbPDcHDd2009-09-11iLF1l0o657.044 T683c, 2005p7855-20r2020-06-25te.2w2020-06-25yLFPDZNo se presta c7633d7633